Museum National d' Histoire Naturelle : (Registro nro. 8697)

Detalles MARC
000 -CABECERA
Campo de control 00510nam a22001577a 4500
005 - FECHA Y HORA DE LA ULTIMA TRANSACCION
Campo de control 20140912155151.0
008 - ELEMENTOS DE LONGITUD FIJA—INFORMACION GENERAL
Campo de control 140912b2012 fr ||||| |||| 00| 0 fre d
041 ## - IDIOMA
Código de idioma para texto/pista de sonido o título separado Francés
082 04 - NUMERO DE CLASIFICACION DECIMAL DEWEY
Número de clasificación 708
Número del ítem M98m
110 2# - ASIENTO PRINCIPAL--NOMBRE CORPORATIVO
Nombre corporativo o de jurisdicción como elemento de entrada Museum National d' Histoire Naturelle
245 10 - MENCION DE TITULO
Título Museum National d' Histoire Naturelle :
Parte restante del título raport d´activité 2012
260 ## - PUBLICACION, DISTRIBUCION, ETC. (PIE DE IMPRENTA)
Lugar de publicación, distribución, etc. Paris,
Nombre del editor, distribuidor, etc. Museum National d' Histoire Naturelle
Fecha de publicación, distribución, etc. 2012
300 ## - DESCRIPCION FISICA
Extensión 60 p.
Otros detalles físicos fot. (col)
Dimensiones 30 cm.
650 #6 - ASIENTO SECUNDARIO DE MATERIA - TERMINO TEMATICO
Término temático o nombre geográfico como elemento de entrada Museo
Subdivisión general historia natural
942 ## - ELEMENTOS ADICIONALES (KOHA)
Sistema de clasificación Dewey Decimal Classification
Tipo de ítem Libro
Existencias
Withdrawn status Lost status Sistema de Clasificación Damaged status No para préstamo Colección Inventariado Ubicación Permanente Ubicación actual Fecha de adquisición Fuente de Valor Valor Total Checkouts Número topográfico Inventario / Código de Barras Date last seen Ejemplar Price effective from Forma de adquisición Tipo de material
    Dewey Decimal Classification     General Inventariado 2017 Bogotá Bogotá 12/09/2014 Instituto 39000.00   LB-708 M98m 038369 12/09/2014 Ej. 1 12/09/2014   Libro